Countries with the largest household size - Statistics

General Stats
  • This quiz has been taken 30 times
  • The average score is 4 of 10
Answer Stats
People per household Country % Correct
5.4 India
92%
6.8 Pakistan
77%
7.7 Iraq
50%
5.8 Sudan
50%
6.7 Yemen
42%
6.2 Jordan
31%
5.9 Bahrain
15%
7.5 Equatorial Guinea
12%
6.3 Solomon Islands
4%
5.8 Fiji
0%
No matching quizzes found
Score Distribution
Percent of People with Each Score
Percentile by Number Answered
Your Score History
You have not taken this quiz